000 01992nam0a2200445 4500
001 RU\NLR\bibl\1481961
005 20260409071411.0
010 _a978-5-902948-23-0
_9500
021 _aRU
_b2009-108996
_96941
035 _a(nilc)RSL-KNO-004568435
035 _a(NLR Aleph) 001473599
090 _a1659150
_c1659150
100 _a20100114d2007 |||y0rusy50 ca
101 0 _arus
102 _aRU
105 _aa zzzz|||||
200 1 _aЯзык. Сознание. Межкультурная коммуникация
_e[сборник научных статей]
_fРоссийская акад. наук, Ин-т языкознания
_g[редкол.: д.филол.н., проф. Н. В. Уфимцева (отв. ред.) и др.]
210 _aМосква
_cИн-т языкознания РАН
_d2007
215 _a250 с.
_cил., табл.
_d21
320 _aБиблиогр. в конце ст.
606 _aЯзыковое сознание
_jСборники
_3RU\NLR\auth\66662719
_91523678
606 1 _aМежкультурное общение
_jСборники
_91626299
_3RU\NLR\auth\661016330
606 1 _aКогнитивная лингвистика
_jСборники
_91523672
_3RU\NLR\auth\66662714
606 1 _aЯзык и культура
_jСборники
_9990965
_3RU\NLR\auth\6656388
606 1 _aЯзыки народов мира
_jСборники
_9933282
_3RU\NLR\auth\6625476
686 _aШ100.23я43
_2rubbk
686 _aШ100.13я43
_2rubbk
686 _aЮ212.24я43
686 _aС550.67я43
686 _aШ100.4я43
686 _aШ100.33я43
686 _aШ12/17(0)я43
702 1 _aУфимцева
_bН. В.
_gНаталья Владимировна
_4340
712 0 2 _4570
_aИнститут языкознания
_cМосква
_3RU\NLR\AUTH\8818281
_9309757
801 0 _aRU
_bRuMoRGB
_c20100114
_grcr
801 1 _aRU
_bRuMoRGB
_c20100114
801 2 _aRU
_bNLR
_c20100306
_grcr
942 _cBOOK
980 _aNB